[Event "ICS rated blitz match"]
[Site "207.99.83.227"]
[Date "1999.04.21"]
[Round "?"]
[White "rajah"]
[Black "Hossa"]
[Result "0-1"]
[WhiteElo "2413"]
[BlackElo "2413"]
[PlyCount "140"]

1. c4 e5 2. Nc3 Nf6 3. Nf3 Nc6 4. e4 Bc5 5. Be2 d6 6. O-O O-O 7. d3 Bg4 8. Bg5
Be6 9. Nd5 Bxd5 10. cxd5 Nd4 11. Nxd4 Bxd4 12. Rc1 Bxb2 13. Rb1 Bd4 14. Rxb7
Rb8 15. Bxf6 Qxf6 16. Rxc7 Rb2 17. a4 Qh4 18. Qe1 f5 19. Bf3 fxe4 20. dxe4 Qg5
21. Qc1 Qh4 22. Rc2 Rbb8 23. Qd2 Rb7 24. Rfc1 Bc5 25. Qe2 Rf6 26. Rc4 Rh6 27.
h3 Rg6 28. Bg4 Rf6 29. Bf5 Rf8 30. Qf3 g6 31. g3 Qg5 32. h4 Qd2 33. R4c2 Qd4
34. Be6+ Kg7 35. Qg2 Rb4 36. Re2 Rxa4 37. Bg4 Kh8 38. h5 Ra1 39. Rxa1 Qxa1+ 40.
Qf1 Qxf1+ 41. Kxf1 gxh5 42. Bxh5 a5 43. Ra2 a4 44. Rxa4 Rxf2+ 45. Ke1 Kg7 46.
Rc4 Ra2 47. Kd1 Rg2 48. Rc3 Bd4 49. Rc7+ Kh6 50. g4 Bc5 51. Rf7 Ra2 52. Rf6+
Kg5 53. Rf5+ Kh4 54. Rf7 h6 55. Rf6 Kg3 56. Rxh6 Kf4 57. g5 Kxe4 58. g6 Kd3 59.
Be2+ Rxe2 60. Rh7 Rb2 61. Kc1 Rb8 62. Rh3+ Be3+ 63. Rxe3+ Kxe3 64. Kd1 Rg8 65.
Kc2 Kd4 66. Kd1 Rxg6 67. Ke1 Kd3 68. Kf2 e4 69. Ke1 Rf6 70. Kd1 70... Rf1# {
rajah checkmated} 0-1

[Event "ICS rated blitz match"]
[Site "207.99.83.227"]
[Date "1999.04.21"]
[Round "?"]
[White "Hossa"]
[Black "rajah"]
[Result "0-1"]
[WhiteElo "2429"]
[BlackElo "2397"]
[Annotator "Crafty v16.6"]
[PlyCount "120"]

{annotating for player Hossa using a scoring margin of +0.10 pawns. search
time limit is 10.00} 1. e4 1... d5 2. exd5 Nf6 3. c4 c6 4. dxc6 Nxc6 5. Nf3 e5
6. Nc3 Bb4 7. Be2 e4 8. Ng5 Bxc3 9. dxc3 Qxd1+ 10. Bxd1 h6 11. Nh3 Ne5 12. Ba4+
({9:+0.24} 12. Ba4+ 12... Bd7 13. Bxd7+ Nfxd7 14. b3 Nd3+ 15. Ke2 O-O 16. Ba3
Rfc8 17. f3 f5 18. Rhd1 $10) ({9:+0.50} 12. Nf4 12... Nxc4 13. O-O O-O 14. b3
Nd6 15. Ba3 Rd8 16. Bc5 $14) 12... Kf8 13. Nf4 Nxc4 14. O-O g5 15. Ne2 Kg7 16.
Nd4 Rd8 17. f3 Bd7 18. Bb3 Rac8 19. fxe4 Nxe4 20. Bxc4 Rxc4 21. Be3 Re8 22. Nf3
g4 23. Bd4+ f6 24. Nh4 Ra4 25. a3 Ra5 26. Rf4 h5 27. Re1 Bc6 28. Ref1 Re6 29.
Rf5 Rxf5 30. Nxf5+ Kh8 31. Bxa7 Bb5 32. Rf4 Bd3 33. Bd4 b5 34. Ne3 Kg8 35. Nd5
Kf7 36. Nc7 Re7 37. Na6 Re6 38. Nb4 Bc4 39. Nc6 Ke8 40. Na5 Bd3 41. Kh1 Rd6 42.
Nb3 Bb1 43. Kg1 Rd5 44. Na5 Kd7 45. Kh1 Bc2 46. g3 f5 47. Kg2 Ng5 48. c4 bxc4
49. Nxc4 Be4+ 50. Rxe4 fxe4 51. Nb6+ Ke6 52. Nxd5 Kxd5 53. a4 Kxd4 54. a5 e3
55. a6 e2 56. Kf2 Kd3 57. h3 Nf3 58. Kg2 e1=Q 59. hxg4 Qg1+ 60. Kxf3 Qf1# 0-1

[Event "ICS Rated blitz match"]
[Site "207.99.83.227"]
[Date "1999.04.21"]
[Round "?"]
[White "Prof-Moriarty"]
[Black "Hossa"]
[Result "0-1"]
[WhiteElo "2148"]
[BlackElo "2412"]
[PlyCount "52"]

1. d4 Nf6 2. Nf3 e6 3. e3 d5 4. Bd3 Bd6 5. Nbd2 O-O 6. b3 c5 7. Bb2 cxd4 8.
exd4 Nh5 9. g3 Nc6 10. Ne5 Nf6 11. f4 Nb4 12. O-O Nxd3 13. cxd3 Bd7 14. g4 Rc8
15. g5 Ne8 16. Rf3 f6 17. Rh3 fxe5 18. dxe5 Bc5+ 19. d4 Bb4 20. Rxh7 Kxh7 21.
Qh5+ Kg8 22. g6 Rxf4 23. Rf1 Rh4 24. Qf3 Qg5+ 25. Kh1 Qxg6 26. Rg1 26... Qc2 {
Prof-Moriarty resigns} 0-1

[Event "ICS Rated blitz match"]
[Site "207.99.83.227"]
[Date "1999.04.21"]
[Round "?"]
[White "rajah"]
[Black "Hossa"]
[Result "1-0"]
[WhiteElo "2414"]
[BlackElo "2418"]
[Annotator "Crafty v16.6"]
[PlyCount "197"]

{annotating for player Hossa using a scoring margin of +0.10 pawns. search
time limit is 10.00} 1. d4 1... d5 2. c4 dxc4 3. e3 b5 ({8:-0.21} 3... b5 4. a4
bxa4 5. Qf3 c6 6. Bxc4 Nf6 7. Rxa4 $10) ({8:+0.03} 3... Be6 4. Na3 c3 5. bxc3
Nf6 6. Nf3 Nbd7 7. Bb5 $10) 4. a4 e5 ({8:-0.86} 4... e5 5. Qf3 c6 6. axb5 exd4
7. Bxc4 Bb4+ 8. Bd2 Bxd2+ 9. Nxd2 dxe3 10. Qxf7# $16) ({8:-0.24} 4... Nd7 5.
axb5 Nb6 6. Nf3 Bg4 7. Na3 Qd5 8. Bd2 $10) 5. axb5 exd4 ({7:-0.57} 5... exd4 6.
Bxc4 Bb4+ 7. Kf1 Be6 8. Qb3 Bc5 9. Bxe6 fxe6 10. Qxe6+ $14) ({7:-0.44} 5... Nf6
6. Bxc4 Bb4+ 7. Bd2 Bxd2+ 8. Nxd2 Bb7 9. Ngf3 exd4 10. O-O dxe3 11. fxe3 $14)
6. Bxc4 Bb4+ 7. Kf1 Be6 8. Bxe6 fxe6 9. Qxd4 Qxd4 10. exd4 Nf6 11. Nc3 O-O 12.
Nf3 Nbd7 13. Ng5 e5 14. Ne6 exd4 15. Nxf8 Rxf8 16. Nd1 Re8 17. g3 Bc5 18. Bd2
Ne5 19. Kg2 Nd3 20. b4 Bb6 21. Ra3 Ne5 22. Rb3 Nc4 23. Bg5 Nd5 24. Rf1 h6 25.
Bc1 Re2 26. Rg1 Nd6 27. Nb2 Nxb5 28. Nd3 Re7 29. Bb2 h5 30. Rc1 Re2 31. Kf1 Re8
32. Rd1 Re4 33. Rd2 g5 34. Kg2 g4 35. Rc2 Re6 36. h3 Kh7 37. hxg4 hxg4 38. Rc1
Kg6 39. Rc4 a6 40. Nc5 Bxc5 41. bxc5 Re4 42. Ra4 Kf5 43. Rxa6 Nbc3 44. Ra1 Re2
45. Kg1 Rc2 46. Raa3 Ne2+ 47. Kf1 Ndc3 48. c6 Nb1 49. Rb5+ Ke4 50. Ra7 Nbc3 51.
Bxc3 Nxc3 52. Rg5 Nd5 53. Ra5 Nf6 54. Rgf5 Rxc6 55. Ke2 d3+ 56. Kd2 Rc2+ 57.
Kd1 Nh5 58. Rfe5+ Kd4 59. Rad5+ Kc3 60. Rc5+ Kd4 61. Red5+ Ke4 62. Rxh5 Rxf2
63. Rc4+ Kf3 64. Rd5 Ke3 65. Re5+ Kf3 66. Rxc7 Kxg3 67. Re3+ Kf4 68. Rxd3 Ke5
69. Re7+ Kf6 70. Re2 Rf1+ 71. Kc2 Ra1 72. Ree3 Ra2+ 73. Kb3 Ra1 74. Rg3 Rb1+
75. Ka3 Ra1+ 76. Kb4 Kf5 77. Rd4 Rb1+ 78. Kc5 Ke5 79. Rgxg4 Rc1+ 80. Rc4 Re1
81. Rg8 Ra1 82. Re8+ Kf5 83. Rc2 Kg4 84. Rf8 Kg3 85. Rcf2 Rc1+ 86. Kd4 Rd1+ 87.
Ke3 Re1+ 88. Re2 Rb1 89. Rg8+ Kh3 90. Kf3 Rf1+ 91. Rf2 Rxf2+ 92. Kxf2 Kh4 93.
Ke3 Kh5 94. Ke4 Kh6 95. Kf5 Kh7 96. Rg6 Kh8 97. Ke6 Kh7 98. Kf7 Kh8 99. Rh6#
1-0

[Event "ICS rated blitz match"]
[Site "207.99.83.227"]
[Date "1999.04.21"]
[Round "?"]
[White "Hossa"]
[Black "rajah"]
[Result "1-0"]
[WhiteElo "2402"]
[BlackElo "2430"]
[PlyCount "133"]

1. e4 c6 2. Nf3 d5 3. exd5 cxd5 4. d4 Nf6 5. Bf4 Qb6 6. b3 Bg4 7. Be2 Nc6 8. c3
e6 9. Ne5 Nxe5 10. dxe5 Ne4 11. O-O Bxe2 12. Qxe2 Bc5 13. b4 Be7 14. Qg4 g6 15.
Qd1 O-O 16. Qe1 Rfc8 17. Be3 Qc6 18. Bd4 f6 19. exf6 Bxf6 20. f3 Bxd4+ 21. cxd4
Nf6 22. Nc3 Qb6 23. Rd1 Rc4 24. Na4 Qd6 25. a3 Re8 26. Nb2 Rc2 27. Rf2 Rec8 28.
Nd3 Rxf2 29. Qxf2 Rc3 30. Qb2 Rc7 31. Qd2 Nd7 32. Qg5 Rc8 33. Re1 Rf8 34. Qe3
Re8 35. Qh6 Qb6 36. Nc5 Nxc5 37. bxc5 Qb2 38. Qe3 Re7 39. Kh1 Rf7 40. f4 Rf6
41. Rc1 Kh8 42. Rf1 Kg7 43. Qd3 Rf7 44. h4 b6 45. cxb6 Qxb6 46. Qe3 Qd6 47. g3
Rf5 48. Rb1 Qe7 49. Rb8 Qf7 50. Qb3 Kh6 51. Rb7 Qf6 52. Qe3 Qf8 53. Rxa7 Qd6
54. Kg2 Qb6 55. Re7 Qd6 56. Rxe6 Qb8 57. g4 Rf7 58. g5+ Kg7 59. Re7 Qb2+ 60.
Kf3 Qb5 61. Re8 Rxf4+ 62. Kxf4 Qd7 63. Re7+ Qxe7 64. Qxe7+ Kg8 65. Kg4 h5+ 66.
gxh6 Kh8 67. Qg7# {rajah checkmated} 1-0

[Event "ICS Rated blitz match"]
[Site "207.99.83.227"]
[Date "1999.04.21"]
[Round "?"]
[White "Hossa"]
[Black "RedBear"]
[Result "0-1"]
[WhiteElo "2419"]
[BlackElo "2393"]
[Annotator "Crafty v16.6"]
[PlyCount "148"]

{annotating for player Hossa using a scoring margin of +0.10 pawns. search
time limit is 10.00} 1. e4 1... e6 2. Nf3 d5 3. exd5 exd5 4. Bb5+ c6 5. Be2 Bd6
6. O-O Nf6 7. d4 O-O 8. Re1 Re8 9. Bg5 Bf5 10. c3 ({8:-0.16} 10. c3 10... h6
11. Bh4 Nbd7 12. Nbd2 Bf4 13. Rc1 13... Qe7 $10) ({8:+0.10} 10. Nc3 10... Nbd7
11. Nh4 Be6 12. Qd3 Qb6 13. Rab1 $10) 10... Qb6 11. Bxf6 ({8:-0.51} 11. Bxf6
11... Qxb2 12. Nbd2 gxf6 13. c4 Bc2 14. Qc1 Qxc1 15. Raxc1 $15) ({8:-0.23} 11.
b3 11... Ne4 12. Qc2 Bg4 13. h3 Bf5 14. Nbd2 Qc7 15. Nxe4 15... Rxe4 $10) 11...
Qxb2 12. Nbd2 gxf6 13. Qb3 Qxb3 14. axb3 Nd7 15. Nf1 Bf4 16. Kh1 Bc2 17. b4 a6
18. Ra2 Be4 19. Ng1 Re6 20. Nh3 Bc7 21. Ng3 Bg6 22. Rg1 Nb6 23. Bg4 Ree8 24.
Nh5 Bxh5 25. Bxh5 Nc4 26. Be2 Re7 27. Bd3 Rae8 28. Raa1 h6 29. Rac1 Nb2 30. Bf5
Kg7 31. Rgf1 Nc4 32. Rcd1 h5 33. Rg1 Re2 34. Bd3 R2e6 35. Ra1 Nb2 36. Bf5 Re2
37. Rgf1 Nc4 38. Ng1 Rb2 39. Nf3 a5 40. bxa5 Bxa5 41. Rac1 Rb3 42. Ra1 Bxc3 43.
Ra7 Nd6 44. Bd7 Re2 45. Ra4 Rbb2 46. Kg1 Ne4 47. Ra3 Bb4 48. Ra7 Bf8 49. Bc8
Nd6 50. Bd7 f5 51. Nh4 f4 52. Ra8 Be7 53. Nf3 Bf6 54. Rb8 Nc4 55. Bc8 Nb6 56.
Bf5 Re7 57. Ra1 Nc4 58. Rf1 b5 59. Rd8 Ree2 60. Ra8 Nd2 61. Nxd2 Rbxd2 62. h4
Bxd4 63. Bd7 Bxf2+ 64. Kh1 Bd4 65. Bh3 b4 66. Rc8 c5 67. Kh2 c4 68. Rf3 b3 69.
Rxf4 Be5 70. Kg1 Bxf4 71. Kf1 Bg3 72. Re8 Rxe8 73. Be6 b2 74. Bf5 Rd1# 0-1

[Event "ICS rated blitz match"]
[Site "207.99.83.227"]
[Date "1999.04.21"]
[Round "?"]
[White "Prof-Moriarty"]
[Black "Hossa"]
[Result "0-1"]
[WhiteElo "2105"]
[BlackElo "2402"]
[PlyCount "58"]

1. d4 d5 2. Nf3 e6 3. e3 Nf6 4. Bd3 Bd6 5. Nbd2 O-O 6. b3 c5 7. Bb2 cxd4 8.
exd4 Nh5 9. Ne5 Nf4 10. Bf1 Qc7 11. g3 Bxe5 12. dxe5 Ng6 13. Bd3 Nc6 14. O-O
Ngxe5 15. Nf3 Nxd3 16. Qxd3 Qe7 17. Rfe1 f6 18. c4 dxc4 19. Qxc4 Bd7 20. Rad1
Rfd8 21. a3 Rac8 22. Qh4 Qf7 23. b4 e5 24. Nd2 Ne7 25. Ne4 Nf5 26. Qh3 Nd4 27.
g4 Qg6 28. Bxd4 Bxg4 29. Qg3 29... Bxd1 {Prof-Moriarty resigns} 0-1

[Event "ICS rated bullet match"]
[Site "207.99.83.227"]
[Date "1999.04.21"]
[Round "?"]
[White "Hossa"]
[Black "TDChess"]
[Result "0-1"]
[WhiteElo "2467"]
[BlackElo "2499"]
[Annotator "Fritz 5.32 (10s)"]
[PlyCount "102"]

1. d4 e6 2. e4 d5 3. e5 c5 4. Be3 cxd4 5. Bxd4 Nc6 6. Nf3 6... Bd7 $146 (6...
Nxd4 7. Qxd4 Ne7 8. Bb5+ (8. c4 Nc6 9. Qf4 Nb4 10. Na3 Be7 11. Qg3 O-O 12.
O-O-O Nxa2+ 13. Kb1 Bxa3 14. Kxa2 Be7 15. Bd3 b5 16. Qh3 g6 17. Qh6 bxc4 18.
Bxc4 Qa5+ 19. Kb3 Qb4+ 20. Ka2 Qxc4+ 21. b3 Qc2+ 22. Ka1 22... Bb4 {
0-1 Martin,A-Dickson,P/IECG 1997 (22)}) 8... Bd7 9. Qa4 Nc6 10. O-O a6 11. Bd3
Nxe5 12. Qf4 Nxd3 13. cxd3 Be7 14. Ne5 Bf6 15. Nd2 O-O 16. Ndf3 Bc6 17. d4 Rc8
18. Rac1 Qb6 19. Rc2 Qd8 20. Rfc1 20... Bd7 {
0-1 Hess,T-Krebs,J/RLPF-chJW U20 Wolfstein 1994 (20)}) 7. Be2 (7. c3 7... Nge7
$11) 7... Nxd4 (7... Nge7 8. c3 $11) 8. Qxd4 ({Schlechter ist} 8. Nxd4 8... Qg5
9. Nf3 9... Qxg2 $17) 8... Qa5+ 9. Nbd2 Nh6 10. O-O Be7 11. Nb3 Qa4 12. Qxa4
Bxa4 13. Rad1 O-O 14. Nfd4 Rac8 15. c3 {Staerkt b4} 15... Rfd8 16. Bb5 $15 (16.
Bd3 16... Re8 $11) 16... Bxb5 17. Nxb5 Rc6 18. N3d4 $15 {Eine wichtige Figur} (
18. N5d4 $5 18... Ra6 19. a3 $11) 18... Ra6 19. a3 $17 {Sichert b4} (19. Ra1
Rb6 20. Nxa7 20... Ng4 $15) 19... Rb6 20. Nxa7 Rxb2 21. Nab5 Ng4 22. Rde1 22...
Ra8 {Ist der Isolani a3 schwach?} 23. f3 $17 (23. h3 23... Nh6 $15) 23... Nh6
$15 (23... Bc5 24. fxg4 Rxb5 25. Rb1 Rxb1 26. Rxb1 $19) 24. Ra1 Bc5 25. Kh1 $17
(25. Rf2 Rxf2 26. Kxf2 26... Nf5 $15) 25... Nf5 26. Nc7 (26. Rfb1 Rxb1+ 27.
Rxb1 27... Ne3 $17 (27... Bxa3 $2 {ist falsch} 28. Nxf5 Bc5 29. Nfd6 $18))
26... Rc8 ({Dagegen} 26... Bxd4 27. Nxa8 Bxe5 28. Rfb1 Bxc3 29. Rxb2 Bxb2 30.
Rb1 Bxa3 31. Rxb7 $15) 27. Nxf5 Rxc7 (27... exf5 $6 28. Nxd5 Ra8 29. Rfd1 $11)
28. Nd4 $19 (28. Nd6 f6 29. Rfb1 Rxb1+ 30. Rxb1 fxe5 (30... Bxa3 $143 31. Nb5
Rc6 32. Nxa3 $16) 31. Nxb7 31... Bxa3 $19) 28... Bb6 29. Rfb1 Rxb1+ 30. Rxb1
30... Rxc3 $1 {die richtige Fortsetzung, um den Vorteil festzuhalten} 31. Ne2
Rc6 32. a4 f6 33. exf6 gxf6 34. g4 34... Rd6 {Will d4 spielen} (34... d4 35.
Nf4 $17) 35. a5 Bxa5 36. Rxb7 d4 37. Nf4 d3 38. Nh5 $2 (38. Rb1 $19) 38... Bd8
(38... d2 39. Nxf6+ Kf8 40. Nxh7+ Ke8 41. Nf6+ Kd8 42. Rb8+ Ke7 43. Ng8+ Kf7
44. Rb7+ 44... Kxg8 $19) 39. Rg7+ $4 {macht die Sache nur schlimmer} (39. Rb1
$19 $142) 39... Kf8 {Droht Matt: d2} 40. Rb7 40... d2 {Droht Matt} 41. Rb1 Rc6
42. Kg2 Rc1 43. Rb8 43... d1=Q {Mit der Mattdrohung Rc2} 44. Ng3 44... Qg1+ $19
(44... Rc2+ 45. Kh3 Qxf3 46. Rxd8+ Ke7 47. Re8+ Kxe8 48. g5 Qg2+ 49. Kh4 Rc4+
50. Ne4 Rxe4+ 51. Kh5 Qxg5#) 45. Kh3 45... Rc2 $1 {logisch und kraftvoll} 46.
Rxd8+ Ke7 47. Rd2 Rxd2 48. g5 Rxh2+ 49. Kg4 f5+ 50. Kf4 Rh4+ 51. Ke5 Qd4# 0-1

[Event "ICS rated blitz match"]
[Site "207.99.83.227"]
[Date "1999.04.21"]
[Round "?"]
[White "champion-10"]
[Black "Hossa"]
[Result "1-0"]
[WhiteElo "2062"]
[BlackElo "2407"]
[Annotator "Crafty v16.6"]
[PlyCount "133"]

{annotating for player Hossa using a scoring margin of +0.10 pawns. search
time limit is 10.00} 1. d4 1... d5 2. c4 dxc4 3. e3 Be6 4. Na3 c3 5. bxc3 Nf6
6. Nf3 Nbd7 7. Be2 Bd5 ({8:-0.50} 7... Bd5 8. O-O e6 9. c4 Be4 10. Ng5 Bd6 11.
Nxe4 11... Nxe4 $14) ({8:-0.32} 7... g6 8. O-O Bh6 9. Ne5 O-O 10. Nxd7 Bxd7 11.
f4 11... c5 $14) 8. O-O e6 9. c4 Bc6 10. Nb5 Be7 11. a4 O-O 12. Ba3 Bxa3 13.
Rxa3 a6 14. Nc3 Qe7 15. Qc1 Rae8 16. Qb2 Bxf3 17. Bxf3 b6 18. a5 e5 19. axb6
Nxb6 20. Be2 exd4 21. exd4 Rb8 22. Qa2 Ne4 23. c5 Nxc3 24. Rxc3 Nd5 25. Rg3 Nb4
26. Qd2 Rfd8 27. Bc4 Qh4 28. Rd1 Nc6 29. Qa2 Rxd4 30. Bxf7+ Kh8 31. Re1 Re4 32.
Rge3 Rxe3 33. Rxe3 Qg4 34. g3 Qd1+ 35. Kg2 Nb4 36. Qe6 h6 37. Bg6 Qd5+ 38. Qxd5
Nxd5 39. Re6 a5 40. Ra6 Kg8 41. Rxa5 Ne7 42. Be4 Nc8 43. Ra6 Ne7 44. Ra7 Rc8
45. f4 Kf7 46. Kf3 Ke6 47. g4 Kd7 48. f5 Nc6 49. Ra6 Ne5+ 50. Kf4 Re8 51. h4
Re7 52. g5 hxg5+ 53. hxg5 Re8 54. f6 gxf6 55. gxf6 Re6 56. Bf5 Ng6+ 57. Kg5 Nf8
58. Rxe6 Nxe6+ 59. Kg6 Kd8 60. Bxe6 c6 61. f7 Kc7 62. f8=Q Kb7 63. Bc4 Ka7 64.
Qd8 Kb7 65. Qd7+ Kb8 66. Ba6 Ka8 67. Qb7# 1-0

[Event "ICS rated blitz match"]
[Site "207.99.83.227"]
[Date "1999.04.21"]
[Round "?"]
[White "Hossa"]
[Black "supernerd"]
[Result "1-0"]
[WhiteElo "2379"]
[BlackElo "2244"]
[PlyCount "65"]

1. e4 c5 2. Nf3 d6 3. d4 cxd4 4. Nxd4 Nf6 5. Bb5+ Bd7 6. Nc3 g6 7. Bg5 Bg7 8.
Qd2 Nc6 9. Bxc6 bxc6 10. Bh6 O-O 11. Bxg7 Kxg7 12. Qg5 Kh8 13. O-O Rb8 14. Nb3
Qc7 15. Rae1 Be6 16. Kh1 Bc4 17. Rg1 Ra8 18. Nd2 Be6 19. Ref1 Qb6 20. Nd1 Qd4
21. c3 Qa4 22. a3 Rab8 23. f3 Rb5 24. Qh6 Rfb8 25. Qh4 Qc2 26. Qe1 Nd7 27. Qf2
a5 28. f4 Rxb2 29. Nxb2 Rxb2 30. f5 Ba2 31. Qa7 Ne5 32. Qxe7 Qxd2 33. Qf8# {
supernerd checkmated} 1-0

[Event "ICS rated blitz match"]
[Site "207.99.83.227"]
[Date "1999.04.21"]
[Round "?"]
[White "stinky"]
[Black "Hossa"]
[Result "0-1"]
[WhiteElo "2236"]
[BlackElo "2389"]
[PlyCount "32"]

1. e4 e6 2. d4 d5 3. Nd2 Bb4 4. c3 Be7 5. Bd3 dxe4 6. Nxe4 Nf6 7. Nf3 Nbd7 8.
Ng3 O-O 9. Qc2 c5 10. Bf4 cxd4 11. cxd4 Nb6 12. O-O Nbd5 13. Be5 Nb4 14. Qe2
Nxd3 15. Qxd3 Nd5 16. Rac1 16... f6 {stinky resigns} 0-1

[Event "ICS rated blitz match"]
[Site "207.99.83.227"]
[Date "1999.04.21"]
[Round "?"]
[White "Hossa"]
[Black "MVG"]
[Result "1-0"]
[WhiteElo "2398"]
[BlackElo "2233"]
[PlyCount "65"]

1. e4 d5 2. exd5 Nf6 3. Bb5+ Bd7 4. Bc4 Bg4 5. f3 Bf5 6. g4 Bg6 7. Nc3 c6 8.
dxc6 Nxc6 9. Nge2 e5 10. d3 Bc5 11. h4 h5 12. g5 Nd7 13. f4 O-O 14. Rf1 exf4
15. Bxf4 Nde5 16. Bxe5 Nxe5 17. Bd5 Be3 18. Nf4 Kh8 19. Bxb7 Rb8 20. Be4 Rxb2
21. Bxg6 fxg6 22. Ncd5 Qa5+ 23. Ke2 Bxf4 24. Rxf4 Rxf4 25. Nxf4 Qc3 26. Rc1 Rb4
27. Nd5 Re4+ 28. Kf1 Qc8 29. dxe4 Qh3+ 30. Kf2 Ng4+ 31. Ke1 Qg3+ 32. Kd2 Qe3+
33. Nxe3 {MVG resigns} 1-0

[Event "ICS rated blitz match"]
[Site "207.99.83.227"]
[Date "1999.04.21"]
[Round "?"]
[White "Lohti"]
[Black "Hossa"]
[Result "1-0"]
[WhiteElo "2263"]
[BlackElo "2407"]
[Annotator "Crafty v16.6"]
[PlyCount "74"]

{annotating for player Hossa using a scoring margin of +0.10 pawns. search
time limit is 10.00} 1. d4 1... e6 2. Nf3 Nf6 3. Bg5 d5 ({8:-0.35} 3... d5 4.
e3 Bb4+ 5. c3 Be7 6. Bb5+ Bd7 7. Bxd7+ Nfxd7 8. Bf4 O-O 9. O-O $14) ({8:-0.01} 
3... Be7 4. e3 c5 5. Bb5 cxd4 6. Nxd4 a6 7. Bxf6 Bxf6 8. Bc4 $10) 4. Nbd2 Bb4 (
{8:-0.49} 4... Bb4 5. e3 h6 6. Bf4 O-O 7. c3 Bd6 8. Ne5 $14) ({8:-0.28} 4...
Be7 5. e3 O-O 6. Bd3 Ng4 7. Bxe7 Qxe7 8. O-O 8... Nd7 $10) 5. c3 Be7 6. e3 O-O
7. Bd3 Nbd7 8. O-O c5 9. Ne5 c4 ({8:-0.54} 9... c4 10. Nxd7 Bxd7 11. Bc2 Qb6
12. Rb1 Qd6 13. f4 13... Rad8 $14) ({8:-0.36} 9... Nxe5 10. dxe5 Nd7 11. Bf4 c4
12. Bc2 Nc5 13. Qh5 13... Nd3 $14) 10. Bc2 Qe8 ({9:-0.73} 10... Qe8 11. Bf4 Bd8
12. Nxd7 Qxd7 13. Be5 Qe7 14. f4 Nd7 15. Qh5 Nxe5 16. Qxe5 $16) ({9:-0.56} 
10... Nxe5 11. dxe5 Nd7 12. Bf4 Nc5 13. Qg4 Qc7 14. Qe2 Qd7 15. Qh5 $14) 11. f4
h6 12. Bh4 Nb6 ({9:-0.89} 12... Nb6 13. Qe1 Na4 14. Rb1 Nb6 15. Qf2 Bd6 16.
Bxf6 gxf6 17. Ng4 $16) ({10:-0.55} 12... Nxe5 13. fxe5 Nd7 14. Bxe7 Qxe7 15.
Qh5 Nb6 16. Rf4 Bd7 17. Raf1 Rad8 18. Nf3 $14) 13. Qf3 Qb5 14. Rab1 Na4 15. g4
Nxb2 16. g5 Nd7 17. gxh6 Bxh4 18. hxg7 Nxe5 19. fxe5 f5 20. gxf8=Q+ Kxf8 21.
Qh5 Bd8 22. Qh8+ Ke7 23. Qh7+ Ke8 24. Kh1 Be7 25. Rg1 Qa5 26. Rg7 Qa3 27. Qg8+
Kd7 28. Qf7 f4 29. exf4 Nd3 30. f5 Nf2+ 31. Kg2 Ng4 32. fxe6+ Kc7 33. Rxg4 Kb8
34. Rg7 b6 35. Qxe7 Qxe7 36. Rxe7 Bb7 37. Rf1 a6 1-0

[Event "ICS rated bullet match"]
[Site "207.99.83.227"]
[Date "1999.04.21"]
[Round "?"]
[White "ajd"]
[Black "Hossa"]
[Result "0-1"]
[WhiteElo "2232"]
[BlackElo "2464"]
[PlyCount "54"]

1. d4 Nf6 2. Nf3 e6 3. g3 d5 4. Bg2 Bd6 5. O-O O-O 6. c4 dxc4 7. Qa4 Nbd7 8.
Qxc4 Nb6 9. Qb3 c5 10. Nc3 cxd4 11. Nxd4 Bxg3 12. hxg3 Qxd4 13. Be3 Qd6 14.
Rfd1 Nbd5 15. Nxd5 exd5 16. Bxd5 Nxd5 17. Rxd5 Qf6 18. Rad1 Be6 19. Qxb7 Bxd5
20. Rxd5 Rfb8 21. Qc7 Qxb2 22. Kg2 Qxa2 23. Rd7 a5 24. Bd4 Qxe2 25. Qf4 Qh5 26.
Re7 Qd5+ 27. f3 27... Rb4 {ajd resigns} 0-1

[Event "ICS rated blitz match"]
[Site "207.99.83.227"]
[Date "1999.04.21"]
[Round "?"]
[White "Prof-Moriarty"]
[Black "Hossa"]
[Result "0-1"]
[WhiteElo "2137"]
[BlackElo "2385"]
[PlyCount "60"]

1. d4 Nf6 2. Nf3 e6 3. e3 d5 4. Bd3 Bd6 5. Nbd2 O-O 6. b3 c5 7. Bb2 cxd4 8.
exd4 Nh5 9. g3 Nc6 10. O-O Nb4 11. Be2 Nf6 12. a3 Nc6 13. Bd3 Bd7 14. Ne5 Be8
15. f4 Qe7 16. g4 Rd8 17. Rf3 Bxe5 18. fxe5 Nxg4 19. Rh3 f5 20. exf6 Nxf6 21.
Kh1 e5 22. dxe5 Nxe5 23. Qe2 d4 24. Ne4 Bc6 25. Kg1 Nxe4 26. Bxe4 Bxe4 27. Qxe4
Nf3+ 28. Qxf3 Rxf3 29. Rxf3 Rc8 30. Bxd4 30... Qe4 {Prof-Moriarty resigns} 0-1

[Event "ICS Rated blitz match"]
[Site "207.99.83.227"]
[Date "1999.04.21"]
[Round "?"]
[White "pototo"]
[Black "Hossa"]
[Result "0-1"]
[WhiteElo "2142"]
[BlackElo "2391"]
[PlyCount "110"]

1. e4 e6 2. d4 d5 3. Nc3 dxe4 4. Nxe4 Nf6 5. Bd3 Nxe4 6. Bxe4 Nd7 7. c3 Nf6 8.
Bc2 Bd6 9. Nf3 Bd7 10. Bg5 Qe7 11. Qe2 O-O-O 12. O-O-O Bc6 13. Kb1 Kb8 14. Rhg1
Bxf3 15. Qxf3 h6 16. Bf4 Bxf4 17. Qxf4 Qd6 18. Qxd6 Rxd6 19. h3 Rc8 20. g4 Nd5
21. Bb3 Nf4 22. h4 g6 23. Rde1 g5 24. hxg5 hxg5 25. Rh1 c5 26. dxc5 Rxc5 27.
Rh7 Rc7 28. Rd1 Rxd1+ 29. Bxd1 Nd3 30. Bb3 Nxf2 31. Rh8+ Rc8 32. Rh7 Rf8 33.
Rg7 Nxg4 34. Rxg5 Nf6 35. a4 Rg8 36. Rc5 Ne4 37. Rh5 Nd2+ 38. Kc2 Nxb3 39. Kxb3
f5 40. Rh6 e5 41. Rf6 Rg5 42. Re6 e4 43. Kc2 Kc8 44. Kd2 Rg2+ 45. Ke3 Rg3+ 46.
Kd4 Kd7 47. Rf6 Rf3 48. Ke5 e3 49. Rxf5 Rxf5+ 50. Kxf5 e2 51. Kg6 e1=Q 52. Kg7
Qd2 53. Kg6 Ke6 54. Kh5 Kf5 55. Kh4 55... Qh2# {pototo checkmated} 0-1

[Event "ICS rated blitz match"]
[Site "207.99.83.227"]
[Date "1999.04.21"]
[Round "?"]
[White "Hossa"]
[Black "Lasarus"]
[Result "1-0"]
[WhiteElo "2397"]
[BlackElo "2300"]
[PlyCount "44"]

1. e4 c5 2. Nf3 d6 3. d4 cxd4 4. Nxd4 Nf6 5. Bb5+ Bd7 6. Nc3 g6 7. Bg5 Bg7 8.
Qd2 O-O 9. Bh6 Nc6 10. Bxg7 Kxg7 11. O-O Qb6 12. Bxc6 bxc6 13. Nb3 c5 14. Rab1
a5 15. Qg5 a4 16. Nd2 Bc6 17. e5 dxe5 18. Nc4 Qc7 19. Nxe5 a3 20. Nxc6 Qxc6 21.
Rfe1 e6 22. Qe5 22... axb2 {Lasarus resigns} 1-0

[Event "ICS rated bullet match"]
[Site "207.99.83.227"]
[Date "1999.04.21"]
[Round "?"]
[White "Hossa"]
[Black "TDChess"]
[Result "0-1"]
[WhiteElo "2471"]
[BlackElo "2512"]
[Annotator "Crafty v16.6"]
[PlyCount "90"]

{annotating for player Hossa using a scoring margin of +0.10 pawns. search
time limit is 10.00} 1. e4 1... e5 2. Nf3 Nf6 3. Nxe5 Qe7 4. Nf3 Nxe4 5. Be2 g6
6. d3 Nf6 7. Nc3 Bg7 8. Bg5 Qb4 9. Rb1 Nd5 10. O-O Nxc3 11. bxc3 Qxc3 12. Bc1 (
{9:-0.68} 12. Bc1 12... Qa5 13. Bb2 Bxb2 14. Rxb2 O-O 15. Re1 Qa3 16. Qc1 16...
Qd6 $15) ({9:-0.50} 12. Rb3 12... Qa5 13. Qc1 O-O 14. Qf4 Nc6 15. Bd1 Qxa2 16.
Qxc7 $15) 12... Qa5 13. Bb2 O-O 14. Bxg7 Kxg7 15. Qe1 Qxa2 16. Qc3+ f6 17. Rb3
Qa4 18. Qxc7 Qc6 19. Qxc6 Nxc6 20. Rbb1 d5 21. Rb5 Re8 22. Re1 d4 23. Nd2 a5
24. Ne4 Re7 25. Rb2 a4 26. Rb6 a3 27. Rbb1 f5 28. Ng3 a2 29. Ra1 Nb4 30. Rec1
Rc7 31. c4 dxc3 32. d4 c2 33. Nf1 Be6 34. Nd2 Rc3 35. Nf3 Bc4 36. Bxc4 Rxc4 37.
Kf1 Nd3 38. Rxa2 Rxa2 39. Ne1 Nxc1 40. h4 Ne2 41. Nxc2 Rcxc2 42. g3 Nxd4 43.
Kg1 Nf3+ 44. Kg2 Rxf2+ 45. Kh1 Rf1# 0-1

[Event "ICS rated bullet match"]
[Site "207.99.83.227"]
[Date "1999.04.21"]
[Round "?"]
[White "Tim"]
[Black "Hossa"]
[Result "0-1"]
[WhiteElo "2201"]
[BlackElo "2457"]
[PlyCount "38"]

1. d4 Nf6 2. f3 d5 3. e4 dxe4 4. Nc3 exf3 5. Nxf3 Bf5 6. Ne5 e6 7. g4 Be4 8.
Nxe4 Nxe4 9. Qf3 Qh4+ 10. Kd1 Nf2+ 11. Ke2 Nxh1 12. Qxf7+ Kd8 13. Bg2 Bd6 14.
Qxg7 Qf2+ 15. Kd3 Rf8 16. Bg5+ Kc8 17. Bxh1 Qxh2 18. Re1 Qf2 19. Be3 19... Qxe1
{Tim resigns} 0-1